Wonders of the world / (Record no. 4192)

MARC details
000 -LEADER
fixed length control field 01907cam a2200385 a 4500
001 - CONTROL NUMBER
control field 4192
003 - CONTROL NUMBER IDENTIFIER
control field FISKH
005 - DATE AND TIME OF LATEST TRANSACTION
control field 20240626134305.0
008 - FIXED-LENGTH DATA ELEMENTS--GENERAL INFORMATION
fixed length control field 060710s2007 nyuab j b 001 0 eng
010 ## - LIBRARY OF CONGRESS CONTROL NUMBER
LC control number 2006022516
020 ## - INTERNATIONAL STANDARD BOOK NUMBER
International Standard Book Number 9780753459799 (alk. paper)
020 ## - INTERNATIONAL STANDARD BOOK NUMBER
International Standard Book Number 9780753464861
040 ## - CATALOGING SOURCE
Original cataloging agency DLC
Transcribing agency DLC
Modifying agency DLC
Language of cataloging eng
050 ## - LIBRARY OF CONGRESS CALL NUMBER
Classification number CB151.S76
082 ## - DEWEY DECIMAL CLASSIFICATION NUMBER
Classification number 930.1
100 1# - MAIN ENTRY--PERSONAL NAME
Personal name Steele, Philip,
Dates associated with a name 1948-
245 10 - TITLE STATEMENT
Title Wonders of the world /
Statement of responsibility, etc. Philip Steele ; foreword by Françoise Rivière.
250 ## - EDITION STATEMENT
Edition statement First published in paperback in 2011
260 ## - PUBLICATION, DISTRIBUTION, ETC.
Place of publication, distribution, etc. New York :
Name of publisher, distributor, etc. Kingfisher,
Date of publication, distribution, etc. 2007.
300 ## - PHYSICAL DESCRIPTION
Extent 63 pages :
Other physical details color illustrations ; map ;
Dimensions 28 cm
490 0# - SERIES STATEMENT
Series statement Kingfisher knowledge
504 ## - BIBLIOGRAPHY, ETC. NOTE
Bibliography, etc. note Includes bibliographical references and index.
520 ## - SUMMARY, ETC.
Summary, etc. From the ingenuity of ancient engineering to the innovation of modern marvels, Wonders of the World reveals the greatest statues and structures that the world has ever seen. This striking book covers the ancient wonders, the later historical wonders, and the modern wonders of the world in glorious and colorful detail. Combining the latest computer-generated images with breathtaking photographs and engaging text, readers can peer into the world's marvels, such as the Hanging Gardens of Babylon, the unforgettable Taj Mahal, and the extraordinary Three Gorges Dam in China.
650 #0 - SUBJECT ADDED ENTRY--TOPICAL TERM
Topical term or geographic name entry element Civilization, Ancient
Form subdivision Juvenile literature.
650 #0 - SUBJECT ADDED ENTRY--TOPICAL TERM
Topical term or geographic name entry element Civilization, Modern
Form subdivision Juvenile literature.
650 #0 - SUBJECT ADDED ENTRY--TOPICAL TERM
Topical term or geographic name entry element Curiosities and wonders
Form subdivision Juvenile literature.
650 #0 - SUBJECT ADDED ENTRY--TOPICAL TERM
Topical term or geographic name entry element Historic buildings
Form subdivision Juvenile literature.
650 #0 - SUBJECT ADDED ENTRY--TOPICAL TERM
Topical term or geographic name entry element Historic sites
Form subdivision Juvenile literature.
650 #0 - SUBJECT ADDED ENTRY--TOPICAL TERM
Topical term or geographic name entry element Antiquities
Form subdivision Juvenile literature.
650 #0 - SUBJECT ADDED ENTRY--TOPICAL TERM
Topical term or geographic name entry element Architecture
Form subdivision Juvenile literature.
650 #0 - SUBJECT ADDED ENTRY--TOPICAL TERM
Topical term or geographic name entry element Seven Wonders of the World
Form subdivision Juvenile literature.
906 ## - LOCAL DATA ELEMENT F, LDF (RLIN)
a 7
b cbc
c orignew
d 1
e ecip
f 20
g y-gencatlg
942 ## - ADDED ENTRY ELEMENTS (KOHA)
Source of classification or shelving scheme Dewey Decimal Classification
Koha item type Books
Suppress in OPAC No
Holdings
Withdrawn status Lost status Source of classification or shelving scheme Damaged status Not for loan Collection Home library Current library Shelving location Date acquired Total Checkouts Full call number Barcode Date last seen Price effective from Koha item type
    Dewey Decimal Classification     Non-Fiction Footprints International School Library Network Toul Kork Campus Footprints International School Library Network Toul Kork Campus A TK Campus, 4th Floor, Room B401, Non-Fiction Bookcases(7-8) 06/26/2024   STE 930.1 CB151.S76 2024-0883 06/26/2024 06/26/2024 Books